International preventive and counter-measures against the chemical and biological terrorism
Salvato in:
| Autore principale: | |
|---|---|
| Altri autori: | |
| Natura: | Capitolo di libro |
| Lingua: | inglese |
| Soggetti: | |
| Tags: |
Nessun Tag, puoi essere il primo ad aggiungerne!!
|
MARC
| LEADER | 00000naa$a2200000$$$4500 | ||
|---|---|---|---|
| 001 | 0184117 | ||
| 005 | 20240502083434.3 | ||
| 041 | 0 | |a eng | |
| 044 | |a UA | ||
| 245 | 1 | 0 | |a International preventive and counter-measures against the chemical and biological terrorism |c Daša Adašková, Rastislav Kazanský |
| 610 | 2 | 0 | |a politika medzinárodná |
| 610 | 2 | 0 | |a vzťahy medzinárodné |
| 610 | 2 | 0 | |a zbrane |
| 610 | 2 | 0 | |a terorizmus |
| 610 | 2 | 0 | |a bezpečnosť |
| 100 | 1 | |a Adašková, Daša | |
| 700 | 1 | |a Kazanský, Rastislav | |